000 01402cad a22002295a 4500
001 L142815
008 080311s2008 xxkad f s 000 0 eng d
035 _a(Sirsi) u142815
041 0 _aeng
050 0 4 _a333.33 $2 18
110 2 _aColliers International Property Consultants
_91881
245 0 0 _aGlobal industrial real estate highlights 2008
_h[electronic resource]
260 _a[S.l.]
_bColliers
_c2008
490 0 _aColliers Global Industrial Real Estate Highlights
_v2008
520 _aReports that despite the credit crunch, most markets expect stable or even rising rents in 2008. Land prices are also expected to remain firm as are yields/capitalisation rates. Expects both European and North American warehouse markets to show modest growth, although less than 2007. However, expects Canada to operate above trend and North American markets linked to energy or agriculture to remain robust. Expects leasing to fall in line with the economic slowdown, but warehouse rents to hold or increase in North America. Expects the Asia Pacific region to continue to be the global growth leader in 2008.
590 _aKA
650 2 4 _aCOLLIERS GLOBAL INDUSTRIAL REAL ESTATE HIGHLIGHTS
651 4 _aInternational
690 _aPROPERTY-COMMERCIAL PROPERTY-COMMERCIAL PROPERTY MARKET
856 4 8 _uhttps://www.colliers.com/
_zView the report free of charge at www.colliers.com...
942 _n0
999 _c107989
_d107989